| 000 -LEADER |
| fixed length control field |
00408nam a2200109 4500 |
| 005 - DATE AND TIME OF LATEST TRANSACTION |
| control field |
20230718165626.0 |
| 008 - FIXED-LENGTH DATA ELEMENTS--GENERAL INFORMATION |
| fixed length control field |
230718b ||||| |||| 00| 0 eng d |
| 245 ## - TITLE STATEMENT |
| Title |
Implications of the recommenders of national commission on urbanization on planning practice and education |
| 260 ## - PUBLICATION, DISTRIBUTION, ETC. (IMPRINT) |
| Place of publication, distribution, etc |
New Delhi |
| Name of publisher, distributor, etc |
Department of urban and regional planning school of planning and architecture |
| 300 ## - PHYSICAL DESCRIPTION |
| Extent |
210p; |
| 942 ## - ADDED ENTRY ELEMENTS (KOHA) |
| Source of classification or shelving scheme |
|